Con đường đi đến thành công bằng sự tử tế

Đã lưu trong:
Bibliografiske detaljer
Hovedforfatter:  Inamori, Kazuo
Format: Sách
Sprog:Undetermined
Udgivet:  Trẻ  2017
Fag:
Tags: Tilføj Tag
Ingen Tags, Vær først til at tagge denne postø!
Thư viện lưu trữ: Trung tâm Thư viện - Trường Đại học Công nghiệp TP. Hồ Chí Minh
LEADER 00518nam a2200157Ia 4500
001 UIH_06981
008 231011s9999 xx 000 0 und d
082 |a  650.1 
100 |a  Inamori, Kazuo 
245 0 |a  Con đường đi đến thành công bằng sự tử tế 
245 0 |c  Inamori, Kazuo 
260 |b  Trẻ 
260 |c  2017 
650 |a  Thành công trong kinh doanh;  
927 |a Sách 
980 |a Trung tâm Thư viện - Trường Đại học Công nghiệp TP. Hồ Chí Minh